000 00420 a2200169 4500
001 68252
020 _a9788516122034
040 _cAnchieta - Pituba
100 _aHouaiss, Antônio
240 1 0 _aMinidicionário Houaiss
_lpor
245 1 0 _aMinidicionário Houaiss
300 _a976
362 0 _a2019
440 1 _aModerna
650 4 _aObras enciclopédicas gerais de línguas espanhola e portuguesa
942 _cBK
999 _c68252
_d68252